Miami Heat Leaders of the Last 10 Years - Statistics

General Stats
  • This quiz has been taken 16 times
    7 since last reset
  • The average score is 40 of 60
Answer Stats
Stat # Player % Correct
Points 10391 Bam Adebayo
100%
Rebounds 5756 Bam Adebayo
100%
Assists 2276 Bam Adebayo
100%
Steals 693 Bam Adebayo
100%
Blocks 538 Bam Adebayo
100%
Points 4798 Duncan Robinson
100%
Rebounds 1113 Duncan Robinson
100%
Assists 777 Duncan Robinson
100%
Steals 225 Duncan Robinson
100%
Three Pointers 1202 Duncan Robinson
100%
Points 6630 Jimmy Butler
100%
Rebounds 1905 Jimmy Butler
100%
Assists 1789 Jimmy Butler
100%
Steals 528 Jimmy Butler
100%
Blocks 125 Jimmy Butler
100%
Points 7664 Tyler Herro
100%
Rebounds 1960 Tyler Herro
100%
Assists 1596 Tyler Herro
100%
Steals 286 Tyler Herro
100%
Three Pointers 1068 Tyler Herro
100%
Points 2950 Hassan Whiteside
83%
Rebounds 2523 Hassan Whiteside
83%
Blocks 391 Hassan Whiteside
83%
Assists 613 Davion Mitchell
67%
Points 4898 Goran Dragic
67%
Rebounds 1052 Goran Dragic
67%
Assists 1476 Goran Dragic
67%
Steals 255 Goran Dragic
67%
Three Pointers 500 Goran Dragic
67%
Rebounds 1167 Kel'el Ware
67%
Blocks 155 Kel'el Ware
67%
Blocks 90 Caleb Martin
50%
Three Pointers 288 Gabe Vincent
50%
Points 2611 Jaime Jaquez Jr.
50%
Rebounds 950 Jaime Jaquez Jr.
50%
Assists 713 Jaime Jaquez Jr.
50%
Steals 189 Jaime Jaquez Jr.
50%
Points 3250 Josh Richardson
50%
Assists 786 Josh Richardson
50%
Steals 292 Josh Richardson
50%
Blocks 163 Josh Richardson
50%
Three Pointers 438 Josh Richardson
50%
Assists 902 Kyle Lowry
50%
Three Pointers 313 Kyle Lowry
50%
Three Pointers 428 Max Strus
50%
Rebounds 962 James Johnson
33%
Assists 712 James Johnson
33%
Steals 187 James Johnson
33%
Blocks 177 James Johnson
33%
Points 2640 Kelly Olynyk
33%
Rebounds 1372 Kelly Olynyk
33%
Steals 200 Kelly Olynyk
33%
Blocks 121 Kelly Olynyk
33%
Three Pointers 391 Kelly Olynyk
33%
Points 2320 Tyler Johnson
33%
Steals 184 Tyler Johnson
33%
Blocks 99 Tyler Johnson
33%
Three Pointers 284 Tyler Johnson
33%
Blocks 89 Derrick Jones Jr.
17%
Three Pointers 433 Wayne Ellington
17%
No matching quizzes found
Score Distribution
Percent of People with Each Score
Percentile by Number Answered
Your Score History
You have not taken this quiz since the last reset